000 00659nam a2200193Ia 4500
003 GCL
008 140319s9999 xx 000 0 ara d
040 _aGCL /
_cGCL
082 0 4 _aد
_b050
100 1 _aفتحى فوزى عبدالمعطى
245 1 0 _aالمزاعم الصهيونية فى فلسطين ( اقرا 274 ) /
_cفتحى فوزى عبدالمعطى
300 _a156 ص
490 _aوثائق ونصوص
_v0
650 0 4 _aالقضية الفلسطينية
650 0 4 _aفلسطين المحتلة
650 0 4 _aالاحتلال الاسرائيلى
650 0 4 _aفلسطين - تاريخ - العصر الحديث
942 _2ddc
_cCF
999 _c27303
_d27303